000 00335nam a2200157Ia 4500
003 OSt
008 191201s2019 xx 000 0 und d
082 _a658.5
_bMAO
100 _aMAHADEVAN, B
245 0 _aOperations Management
250 _aIMP
260 _aNew Delhi
_bPearson
300 _a650
650 _aMBA
942 _2ddc
_cBK
999 _c4158
_d4158